क्रांतिकारी कोश (Record no. 1688426)
[ view plain ]
| 000 -LEADER | |
|---|---|
| fixed length control field | 01263nam a2200229 4500 |
| 005 - DATE AND TIME OF LATEST TRANSACTION | |
| control field | 20260303132633.0 |
| 008 - FIXED-LENGTH DATA ELEMENTS--GENERAL INFORMATION | |
| fixed length control field | 260303b |||||||| |||| 00| 0 eng d |
| 020 ## - INTERNATIONAL STANDARD BOOK NUMBER | |
| International Standard Book Number | 9789390366958 (सेट) (hbk) |
| 037 ## - SOURCE OF ACQUISITION | |
| Terms of availability | REF |
| 040 ## - CATALOGING SOURCE | |
| Original cataloging agency | CRL |
| Transcribing agency | CRL |
| 041 ## - LANGUAGE CODE | |
| Source of code | hin |
| Language code of text/sound track or separate title | hin |
| 084 ## - COLON CLASSIFICATION NUMBER | |
| Classification number | V2:51wk R5.1-.5 (RR) |
| 100 ## - MAIN ENTRY--PERSONAL NAME | |
| Personal name | श्रीकृष्ण 'सरल' |
| 245 ## - TITLE STATEMENT | |
| Title | क्रांतिकारी कोश |
| 260 ## - PUBLICATION, DISTRIBUTION, ETC. | |
| Place of publication, distribution, etc. | नई दिल्ली, भारत: |
| Name of publisher, distributor, etc. | प्रभात प्रकाशन, |
| Date of publication, distribution, etc. | 2025. |
| 300 ## - PHYSICAL DESCRIPTION | |
| Extent | खण्ड 1 (1-299पृ.), खण्ड 2 (1-319पृ.), खण्ड 3 (1-279पृ.), खण्ड 4 (1-350पृ.), खण्ड 5 (1-298पृ.) |
| 365 ## - TRADE PRICE | |
| Price amount | 3000.00 |
| Currency code | INR |
| 650 ## - SUBJECT ADDED ENTRY--TOPICAL TERM | |
| Topical term or geographic name entry element | भारत इतिहास |
| 650 ## - SUBJECT ADDED ENTRY--TOPICAL TERM | |
| Topical term or geographic name entry element | क्रांतिकारी |
| 942 ## - ADDED ENTRY ELEMENTS (KOHA) | |
| Source of classification or shelving scheme | Colon Classification (CC) |
| Suppress in OPAC | No |
| Koha item type | Textbook |
| Classification part | V2:51wk R5.1-.5 (RR) |
| Withdrawn status | Lost status | Source of classification or shelving scheme | Damaged status | Not for loan | Home library | Current library | Date acquired | Source of acquisition | Cost, normal purchase price | Serial Enumeration / chronology | Inventory number | Total Checkouts | Full call number | Barcode | Date due | Date last seen | Date last checked out | Cost, replacement price | Price effective from | Koha item type |
|---|---|---|---|---|---|---|---|---|---|---|---|---|---|---|---|---|---|---|---|---|
| Colon Classification (CC) | Central Library | Arts Library | 2026-03-03 | आई . ओ . ई प्रोजेक्ट बुक्स | 600.00 | खण्ड 1 | आई . ओ . ई प्रोजेक्ट बुक्स | 1 | V2:51wk R5.1 | CL1926679 | 2026-03-06 | 2026-03-06 | 2026-03-06 | 3000.00 | 2026-03-03 | Textbook | ||||
| Colon Classification (CC) | Central Library | Arts Library | 2026-03-03 | आई . ओ . ई प्रोजेक्ट बुक्स | 600.00 | खण्ड 2 | आई . ओ . ई प्रोजेक्ट बुक्स | 1 | V2:51wk R5.2 | CL1926680 | 2026-03-06 | 2026-03-06 | 2026-03-06 | 3000.00 | 2026-03-03 | Textbook | ||||
| Colon Classification (CC) | Central Library | Arts Library | 2026-03-03 | आई . ओ . ई प्रोजेक्ट बुक्स | 600.00 | खण्ड 3 | आई . ओ . ई प्रोजेक्ट बुक्स | 1 | V2:51wk R5.3 | CL1926681 | 2026-03-06 | 2026-03-06 | 2026-03-06 | 3000.00 | 2026-03-03 | Textbook | ||||
| Colon Classification (CC) | Central Library | Arts Library | 2026-03-03 | आई . ओ . ई प्रोजेक्ट बुक्स | 600.00 | खण्ड 4 | आई . ओ . ई प्रोजेक्ट बुक्स | 1 | V2:51wk R5.4 | CL1926682 | 2026-03-06 | 2026-03-06 | 2026-03-06 | 3000.00 | 2026-03-03 | Textbook | ||||
| Colon Classification (CC) | Central Library | Arts Library | 2026-03-03 | आई . ओ . ई प्रोजेक्ट बुक्स | 600.00 | खण्ड 5 | आई . ओ . ई प्रोजेक्ट बुक्स | 1 | V2:51wk R5.5 | CL1926683 | 2026-03-06 | 2026-03-06 | 2026-03-06 | 3000.00 | 2026-03-03 | Textbook |
